000 01501cam a22004694i 4500
003 PE-LiUPU
005 20250731173032.0
008 150623s r 000 0 d
020 _a1573120154
035 _a(Sirsi) i9781573120159
040 _aPE-LiUPU
_bspa
_cPE-LiUPU
_erda
049 _aPRUA
082 0 4 _a232.954
_bF22
_221
100 1 _aFant, Clyde E.,
_eautor.
245 1 4 _aThe misunderstood Jesus :
_bten lost keys to life.
264 1 _aMacon, Georgia :
_bPeake Road,
_c1996.
300 _a166 p.
336 _atext
_2rdacontent
337 _aunmediated
_2rdamedia
338 _avolume
_2rdacarrier
504 _aBibliografia en cada capítulo.
505 0 _aSanity, Grace, Law, The self, Wealth, meekness, Anger, Contentment, Sympathy and touch.
526 _aSEG42
526 _aSEG41
526 _aSEG40
526 _aSEG39
526 _aP94
526 _aP87
526 _aP86
526 _aP85
526 _aP77
526 _aP76
526 _aP35
600 1 _aJESUCRISTO
_xENSEÑANZAS
_9933
650 0 4 _aCRECIMIENTO ESPIRITUAL.
942 _2ddc
_cBOOK
949 _a232.954 F22
_wDEWEY
_c1
_i48180
_lCCODEBUL1
_mBUL
_r0
_sY
_tBOOK
_u2015-6-24
_xTEOLOGIA
_PP35
_0COMPRA
_o.STAFF. Colección General
994 _aC0
_bPEPRU
596 _a1
999 _a232.954 F22
_wDEWEY
_c25156
_i48180
_f2021-11-10
_g5
_lCCODEBUL1
_mBUL
_r0
_sY
_tBOOK
_u2015-6-24
_xTEOLOGIA
_PP35
_0COMPRA
_o.STAFF. Colección General
_d25156
980 _81
_gALBERTO SANCHEZ Responsable de Automatización